000 00583nam a22001817a 4500
003 LK-CoDNM
005 20240126103428.0
008 240126b |||||||| |||| 00| 0 eng d
020 _a9786240020503
040 _aLK-CoDNM
_dLK-CoDNM
_eLK-CoDNM
041 _asin
080 _a030.8
_bGAN
100 _aකිරිඇල්ලේ ඤාණවිමල ස්වාමිපාදයන් වහන්සේ
245 _aදේශීය වෛද්‍ය ශබ්දකෝෂය
260 _aColombo
_bS Godage Saha Sahodarayo
_c2023
300 _a530p.,21cm
942 _cBK
999 _c144595
_d144595